| 000 | 01638cam a2200397 i 4500 | ||
|---|---|---|---|
| 001 | 18935906 | ||
| 003 | OSt | ||
| 005 | 20231103111507.0 | ||
| 008 | 160113s2015 ii 000 0 eng | ||
| 010 | _a 2015357420 | ||
| 020 | _a9789380081175 | ||
| 025 | _aI-E-2015357420 ; 60-92 | ||
| 037 | _bLibrary of Congress -- New Delhi Overseas Office | ||
| 040 |
_aDLC _beng _erda _cDLC _dDLC |
||
| 041 | 1 |
_aara _aeng _hara |
|
| 042 |
_alcode _apcc |
||
| 050 | 0 | 0 |
_aPJ7765.M83 _bF38 2015 |
| 082 |
_a892.714 _bDAL/F |
||
| 100 | 1 |
_aMuhammad, Khāḷi, _d-1616 _eauthor. _99820 |
|
| 245 | 1 | 0 |
_aFat'h al-Mubin : _ba contemporary account of the Portuguese invasion on Malbar in Arabic verse; edited and translated into English / _cQadi Muhammad. |
| 264 | 1 |
_aCalicut, Kerala, India : _bOther Books, _c[2015] |
|
| 300 |
_a70 pages, 36 pages ; _c21 cm |
||
| 336 |
_atext _btxt _2rdacontent |
||
| 337 |
_aunmediated _bn _2rdamedia |
||
| 338 |
_avolume _bnc _2rdacarrier |
||
| 546 | _aEnglish; includes orginal text in Arabic with translation in English. | ||
| 650 | 0 |
_aPortuguese _zIndia _zKerala _xHistory _vPoetry. |
|
| 650 | 0 |
_aIslam _zIndia _zKerala _xHistory _vPoetry. |
|
| 650 | 0 | _aHistorical poetry, Arabic. | |
| 650 | 0 |
_aHistorical poetry, Arabic _vTranslations into English. |
|
| 700 | 1 |
_aMuhammad, Khāḷi, _d-1616. _tFatḥ al-mubīn. |
|
| 700 | 1 |
_aMuhammad, Khāḷi, _d-1616. _tFatḥ al-mubīn. _lEnglish. |
|
| 906 |
_a7 _bcbc _corigode _d3 _encip _f20 _gy-gencatlg |
||
| 942 |
_2ddc _cBK _h892.714 _iDAL/F _k892.714 _mDAL/F |
||
| 999 |
_c42772 _d42772 |
||